| 000 | 01388nam a2200301 i 4500 | ||
|---|---|---|---|
| 001 | 768714001 | ||
| 003 | CO-MdFUSB | ||
| 005 | 20220211105122.0 | ||
| 007 | ta | ||
| 008 | 220211t1994 -us |||| |||| 00| 0 spa d | ||
| 020 | _a1560636335 | ||
| 040 |
_aCO-MdFUSB _bspa _cCO-MdFUSB _dCO-MdFUSBC _erda |
||
| 041 | _aspa | ||
| 082 |
_223 _a248.32 _bA999 |
||
| 100 |
_aÁvila, Yiye, _eautor |
||
| 245 | 3 |
_aLa ciencia de la oración _c/ Yiye Ávila |
|
| 264 | 1 |
_aEstados Unidos : _bCarisma, _c[1994] |
|
| 264 | 4 | _c© 1994 | |
| 300 |
_a145 páginas _c; 21 cm |
||
| 336 |
_2rdacontent _atexto _btxt |
||
| 337 |
_2rdamedia _asin mediación _bn |
||
| 338 |
_2rdacarrier _avolumen _bnc |
||
| 505 |
_tLa ciencia de la oración. _tLa oración en el Espíritu. _tSecretos de la oración. _tCristo y la oración. _tLa voluntad de Dios en la oración. _tLa oración y el ayuno: Grandes batallas de oración. _tDedicar tiempo a orar por el problema. _tLa oración y los dones del Espíritu. _tContestaciones asombrosas a la oración. _tLa oración que mueve montañas. _tUn avivamiento. _tIntercesión. _tBatalla contra las huestes celestiales. _tEl ministerio de liberación. _tOraciones bíblicas que movieron montañas. _tOraciones fuera de la voluntad de Dios. _tPor qué cosas debemos orar _tOrdénese en la oración. |
||
| 563 | _aRústico | ||
| 650 | 0 |
_919 _aVida cristiana |
|
| 942 | _cBK | ||
| 945 | _aJTF-925 | ||
| 999 |
_c67160 _d67160 |
||